Az óvodai testnevelés alapjai

Bibliographic Details
Main Author: Dobay, Beáta (Author)
Format: Book
Language:Hungarian
PhysicalDescription:285 s. fotogr., ilustr., tab., noty 21 cm
Published: Komárom Selye János Egyetem 2007
ISBN:9788089234257
Edition:2. bőv. kiad.
Subjects:

MARC

LEADER 00000nam a2200000 a 4500
001 vtls009182657
003 SK-MaSNL
005 20260302043105.0
008 240313s2007 xo oal f 000 0 hun
015 |a SNBA2008/03-01173 
020 |a 9788089234257  |q (brož.) 
035 |a 3902779F-5BD3-4248-86B8-A034F0708F57 
035 |a urn:nbn:sk:snk-amlc8r 
035 |a urn:nbn:sk:snk-am00910z 
040 |a SNK  |b slo  |c SNK  |e AACR2 
041 0 |a hun 
044 |a xo  |c SK 
072 7 |a 796  |x Šport. Hry. Telesné cvičenia  |2 konspekt 
080 |a 796.012.6  |2 2001 
080 |a 373.2  |2 2001 
080 |a (075.8)  |2 2001 
100 1 |a Dobay, Beáta  |4 aut  |9 429748 
245 1 3 |a Az óvodai testnevelés alapjai  |c Dobay Beáta 
250 |a 2. bőv. kiad. 
260 |a Komárom  |b Selye János Egyetem  |c 2007 
300 |a 285 s.  |b fotogr., ilustr., tab., noty  |c 21 cm 
504 |a Bibliogr. odkazy 
650 0 7 |a telesná výchova  |2 SNKPH  |9 708 
650 0 7 |a predškolská výchova  |2 SNKPH  |9 3959 
655 7 |a učebnice vysokých škôl  |2 SNKPH  |9 70191 
752 |a Slovensko  |d Bratislava 
919 |a 978-80-89234-25-7 
958 |a NB 
958 |a HU 
958 |a NM 
958 |a OND 
968 |d 793/799 
999 |c 1085313  |d 1087243 
952 |a SNK  |b SNK  |y PREZ  |7 0  |p 17A0578550  |o snkSC 130786  |i snk2008/3238  |8 0  |0 0  |1 0  |4 0  |d 2008-02-11  |f 1  |l 0  |r 2025-06-19 00:00:00  |w 2026-02-24 
952 |a SNK  |b SNK  |y VYP  |7 0  |p 17A0578551  |o snkSC 130786 D1  |i snk2008/3242  |8 0  |0 0  |1 0  |4 0  |d 2008-02-11  |l 0  |r 2026-02-24 16:38:53  |w 2026-02-24